| 000 | 00420nam a2200169 a 4500 | ||
|---|---|---|---|
| 005 | 20140414132015.0 | ||
| 008 | 130314s19uu xx 00 eng d | ||
| 020 | _a0316739006 | ||
| 050 |
_aTR _bOt8 2004 |
||
| 100 | _aParr, Tod | ||
| 245 | _aOTTO goes to camp. | ||
| 260 |
_aSingapore : _bLittle Brown Company, _c2004. |
||
| 300 | _a22 | ||
| 650 |
_aCamping- _xfiction |
||
| 650 |
_aDogs- _xfiction |
||
| 999 |
_c113353 _d113353 |
||